01034nam a22001097a 4500008004100000100004200041245006800083260004500151300003100196520065200227773004500879230918b ||||| |||| 00| 0 eng d aCaballero, Ricardo J.and Simsek, Alp  aA note on temporary supply shocks with aggregate demand inertia aThe American Economic Review: Insights  a5(2), Jun, 2023: p.241-258 aWe study optimal monetary policy during temporary supply contractions when aggregate demand has inertia and the central bank is concerned about future constraints on expansionary policy. In this environment, it is optimal to run the economy hot until supply recovers. However, the policy does not remain loose throughout the low-supply phase. Overall, when the initial aggregate demand is low, the goal is to frontload the rate cuts to raise demand in anticipation of the recovery of supply. If inflation also has inertia, the central bank still overheats the economy during the low-supply phase but gradually cools it down over time.- Reproduced  aThe American Economic Review: Insights